000
00282nam a2200097Ia 4500
001
660497
005
20250826160115.0
008
250824s9999 xx 000 0 und d
245
0
_a
VATAN YAHUT SİLİSTRE ANTİK OKUL KLASİKLERİ
_c
NAMIK KEMAL
260
_b
ANTİK DÜNYA KLASİKLERİ
999
_c
660497
_d
660497